TOP 20 des sportifs mondialements célèbres - Statistiques

Statistiques générales
  • Ce quiz a été pris 935 fois
  • Le résultat moyen est 10 sur 20
Statistiques - réponses
Classement Sportifs sport recherche par an dans le monde % Correct
8 Lionel Messi Football 38 967 190
100%
1 Cristiano Ronaldo Football 99 207 840
99%
2 James LeBron Basketball 77 564 570
86%
4 Michael Jordan Basketball 75 210 140
80%
3 Neymar jr Football 76 622 600
80%
13 Lewis Hamilton Formule 1 26 050 970
72%
6 Conor McGregor MMA 63 375 910
68%
12 Stephen Curry Basketball 30 281 390
68%
7 Mike Tyson Boxe 51 364 010
57%
15 Pelé Football 23 486 730
57%
14 Tiger Woods Golf 23 588 140
54%
5 Tom Brady Football Américain 63 573 740
48%
20 Kevin Durant Basketball 20 395 370
37%
10 Tyson Fury Boxe 31 323 230
31%
11 Ronaldinho Football 30 366 410
23%
17 Floyd Mayweather Boxe 20 488 400
19%
16 Khabib Nurmagomedov MMA 21 874 320
13%
19 Giannis Antetokounmpo Basketball 20 448 480
8%
18 Dennis Rodman Basketball 20 482 780
2%
9 Virat Kohli Cricket 33 133 610
2%
Aucun quiz correspondant
Distribution des résultats
% des personnes avec chaque résultat
Percentile par nombre de réponses
Votre historique - résultats
Vous n’avez pas pris ce quiz